農水省が価格を毎日更新する青果・畜産物 - Statistics

General Stats
  • This quiz has been taken 60 times
  • The average score is 15 of 20
Answer Stats
種類 品目 % Correct
畜産物 豚肉
92%
畜産物 牛肉
92%
畜産物 鶏肉
92%
青果物 にんじん
88%
青果物 だいこん
86%
青果物 トマト
84%
青果物 たまねぎ
82%
青果物 レタス
80%
青果物 キャベツ
76%
青果物 ほうれんそう
76%
青果物 ピーマン
76%
青果物 ねぎ
75%
青果物 ばれいしょ
75%
青果物 はくさい
71%
青果物 きゅうり
67%
畜産物 鶏卵
67%
青果物 なす
65%
青果物 いちご
53%
青果物 さといも
31%
青果物 メロン
31%
No matching quizzes found
Score Distribution
Percent of People with Each Score
Percentile by Number Answered
Your Score History
You have not taken this quiz